| 000 | 00797cam a2200265 4500 | ||
|---|---|---|---|
| 001 | 4552237 | ||
| 003 | NUST | ||
| 005 | 20220307094219.0 | ||
| 008 | 730828s1973 ctua b 001 0 eng | ||
| 010 | _a 72080412 | ||
| 020 |
_a0821204866 _a0821204890 (pbk.) |
||
| 038 | _awaseem | ||
| 040 |
_aDLC _cDLC _dDLC |
||
| 050 | 0 | 0 |
_aPN1993.5.A1 _bP7 1973 |
| 082 | 0 | 0 |
_a791.437 _bPRA |
| 100 | 1 |
_aPratt, George C. _990377 |
|
| 245 | 1 | 0 |
_aSpellbound in darkness; _ba history of the silent film / _c[by] George C. Pratt. |
| 260 |
_aNew York : _bRochester, _c1966. |
||
| 300 |
_a548 p. _c28 cm. |
||
| 504 | _aIncludes bibliographical references. | ||
| 563 | _aPBK. | ||
| 650 | 0 |
_aSilent films _xHistory and criticism. _990378 |
|
| 906 |
_a7 _bcbc _corignew _d2 _eopcn _f19 _gy-gencatlg |
||
| 942 |
_2ddc _cBK |
||
| 999 |
_c588623 _d588623 |
||